000 00548nam a2200205Ia 4500
008 160319s9999 xx 000 0 und d
020 _a9717911967
050 _a808
050 _bH555c 2000
100 _aHermosa, Eleanor Eme E.
245 _aCreative writing :
245 _byoung Filipino writers for young Filipinos /
245 _c Eleanor Eme E. Hermosa,
260 _a Mandaluyong City :
260 _bSIBS Publishing House, Inc.
260 _c2000
300 _axv, 79 p. :
300 _b illustrations ;
300 _c22 cm.
999 _c292166
_d292166